<?xml version="1.0" encoding="UTF-8"?>
<record
    xmlns:xsi="http://www.w3.org/2001/XMLSchema-instance"
    xsi:schemaLocation="http://www.loc.gov/MARC21/slim http://www.loc.gov/standards/marcxml/schema/MARC21slim.xsd"
    xmlns="http://www.loc.gov/MARC21/slim">

  <leader>01496nam0a22003371  4500</leader>
  <controlfield tag="001">rc\2280440</controlfield>
  <controlfield tag="005">20250623041623.0</controlfield>
  <datafield tag="035" ind1=" " ind2=" ">
    <subfield code="a">(NLR Aleph) 006559810</subfield>
  </datafield>
  <datafield tag="090" ind1=" " ind2=" ">
    <subfield code="a">6831214</subfield>
    <subfield code="c">6831214</subfield>
  </datafield>
  <datafield tag="100" ind1=" " ind2=" ">
    <subfield code="a">20110829d1977    |||y0rusy50      ca</subfield>
  </datafield>
  <datafield tag="101" ind1="0" ind2=" ">
    <subfield code="a">rus</subfield>
  </datafield>
  <datafield tag="102" ind1=" " ind2=" ">
    <subfield code="a">RU</subfield>
  </datafield>
  <datafield tag="105" ind1=" " ind2=" ">
    <subfield code="a">a   z   |||||</subfield>
  </datafield>
  <datafield tag="200" ind1="1" ind2=" ">
    <subfield code="a">&#x421;&#x433;&#x43E;&#x440;&#x430;&#x43D;&#x438;&#x435; &#x432; &#x431;&#x44B;&#x441;&#x442;&#x440;&#x43E;&#x445;&#x43E;&#x434;&#x43D;&#x44B;&#x445; &#x43F;&#x43E;&#x440;&#x448;&#x43D;&#x435;&#x432;&#x44B;&#x445; &#x434;&#x432;&#x438;&#x433;&#x430;&#x442;&#x435;&#x43B;&#x44F;&#x445;</subfield>
    <subfield code="f">&#x410;.&#x41D;. &#x412;&#x43E;&#x438;&#x43D;&#x43E;&#x432;</subfield>
  </datafield>
  <datafield tag="205" ind1=" " ind2=" ">
    <subfield code="a">2-&#x435; &#x438;&#x437;&#x434;., &#x43F;&#x435;&#x440;&#x435;&#x440;&#x430;&#x431;. &#x438; &#x434;&#x43E;&#x43F;.</subfield>
  </datafield>
  <datafield tag="210" ind1=" " ind2=" ">
    <subfield code="a">&#x41C;&#x43E;&#x441;&#x43A;&#x432;&#x430;</subfield>
    <subfield code="c">&#x41C;&#x430;&#x448;&#x438;&#x43D;&#x43E;&#x441;&#x442;&#x440;&#x43E;&#x435;&#x43D;&#x438;&#x435;</subfield>
    <subfield code="d">1977</subfield>
  </datafield>
  <datafield tag="215" ind1=" " ind2=" ">
    <subfield code="a">277 &#x441;.</subfield>
    <subfield code="c">&#x438;&#x43B;.</subfield>
    <subfield code="d">22</subfield>
  </datafield>
  <datafield tag="300" ind1=" " ind2=" ">
    <subfield code="a">&#x417;&#x430;&#x433;&#x43B;. 1-&#x433;&#x43E; &#x438;&#x437;&#x434;.: &#x41F;&#x440;&#x43E;&#x446;&#x435;&#x441;&#x441;&#x44B; &#x441;&#x433;&#x43E;&#x440;&#x430;&#x43D;&#x438;&#x44F; &#x432; &#x431;&#x44B;&#x441;&#x442;&#x440;&#x43E;&#x445;&#x43E;&#x434;&#x43D;&#x44B;&#x445; &#x43F;&#x43E;&#x440;&#x448;&#x43D;&#x435;&#x432;&#x44B;&#x445; &#x434;&#x432;&#x438;&#x433;&#x430;&#x442;&#x435;&#x43B;&#x44F;&#x445;</subfield>
  </datafield>
  <datafield tag="320" ind1=" " ind2=" ">
    <subfield code="a">&#x421;&#x43F;&#x438;&#x441;&#x43E;&#x43A; &#x43B;&#x438;&#x442;.: &#x441;. 271-275 (111 &#x43D;&#x430;&#x437;&#x432;.)</subfield>
  </datafield>
  <datafield tag="451" ind1=" " ind2="0">
    <subfield code="1">2001#$a&#x41F;&#x440;&#x43E;&#x446;&#x435;&#x441;&#x441;&#x44B; &#x441;&#x433;&#x43E;&#x440;&#x430;&#x43D;&#x438;&#x44F; &#x432; &#x431;&#x44B;&#x441;&#x442;&#x440;&#x43E;&#x445;&#x43E;&#x434;&#x43D;&#x44B;&#x445; &#x43F;&#x43E;&#x440;&#x448;&#x43D;&#x435;&#x432;&#x44B;&#x445; &#x434;&#x432;&#x438;&#x433;&#x430;&#x442;&#x435;&#x43B;&#x44F;&#x445;</subfield>
    <subfield code="1">205##$a1-&#x435; &#x438;&#x437;&#x434;.</subfield>
    <subfield code="t">&#x41F;&#x440;&#x43E;&#x446;&#x435;&#x441;&#x441;&#x44B; &#x441;&#x433;&#x43E;&#x440;&#x430;&#x43D;&#x438;&#x44F; &#x432; &#x431;&#x44B;&#x441;&#x442;&#x440;&#x43E;&#x445;&#x43E;&#x434;&#x43D;&#x44B;&#x445; &#x43F;&#x43E;&#x440;&#x448;&#x43D;&#x435;&#x432;&#x44B;&#x445; &#x434;&#x432;&#x438;&#x433;&#x430;&#x442;&#x435;&#x43B;&#x44F;&#x445;</subfield>
  </datafield>
  <datafield tag="606" ind1=" " ind2=" ">
    <subfield code="a">&#x413;&#x43E;&#x440;&#x435;&#x43D;&#x438;&#x435;, &#x442;&#x435;&#x43E;&#x440;&#x438;&#x44F;</subfield>
    <subfield code="2">psbo</subfield>
  </datafield>
  <datafield tag="606" ind1=" " ind2=" ">
    <subfield code="a">&#x414;&#x432;&#x438;&#x433;&#x430;&#x442;&#x435;&#x43B;&#x438; &#x432;&#x43D;&#x443;&#x442;&#x440;&#x435;&#x43D;&#x43D;&#x435;&#x433;&#x43E; &#x441;&#x433;&#x43E;&#x440;&#x430;&#x43D;&#x438;&#x44F;</subfield>
    <subfield code="x">&#x420;&#x430;&#x431;&#x43E;&#x447;&#x438;&#x439; &#x43F;&#x440;&#x43E;&#x446;&#x435;&#x441;&#x441;</subfield>
    <subfield code="2">psbo</subfield>
  </datafield>
  <datafield tag="686" ind1=" " ind2=" ">
    <subfield code="a">&#x437;365-011.2,07</subfield>
    <subfield code="2">rubbk</subfield>
  </datafield>
  <datafield tag="700" ind1=" " ind2="1">
    <subfield code="a">&#x412;&#x43E;&#x438;&#x43D;&#x43E;&#x432;</subfield>
    <subfield code="b">&#x410;.&#x41D;.</subfield>
    <subfield code="g">&#x410;&#x43B;&#x435;&#x43A;&#x441;&#x435;&#x439; &#x41D;&#x438;&#x43A;&#x43E;&#x43B;&#x430;&#x435;&#x432;&#x438;&#x447;</subfield>
  </datafield>
  <datafield tag="801" ind1=" " ind2="0">
    <subfield code="a">RU</subfield>
    <subfield code="b">NLR</subfield>
    <subfield code="g">psbo</subfield>
  </datafield>
  <datafield tag="801" ind1=" " ind2="1">
    <subfield code="a">RU</subfield>
    <subfield code="b">ELAR</subfield>
    <subfield code="2">rusmarc</subfield>
  </datafield>
  <datafield tag="852" ind1=" " ind2=" ">
    <subfield code="a">NLR</subfield>
    <subfield code="j">77-5/1883</subfield>
  </datafield>
  <datafield tag="899" ind1=" " ind2=" ">
    <subfield code="a">RuMoRGB</subfield>
    <subfield code="j">&#x411; 77-7/414</subfield>
  </datafield>
  <datafield tag="899" ind1=" " ind2=" ">
    <subfield code="a">RuMoRGB</subfield>
    <subfield code="j">&#x411; 77-7/415</subfield>
  </datafield>
  <datafield tag="942" ind1=" " ind2=" ">
    <subfield code="c">BOOK</subfield>
  </datafield>
  <datafield tag="980" ind1=" " ind2=" ">
    <subfield code="a">NB</subfield>
  </datafield>
  <datafield tag="995" ind1=" " ind2=" ">
    <subfield code="5">2013-10-26</subfield>
    <subfield code="b">NLR01</subfield>
    <subfield code="c">NLR01</subfield>
    <subfield code="e">RF91</subfield>
    <subfield code="f">6559810-20</subfield>
    <subfield code="k">77-5/1883</subfield>
    <subfield code="o">0</subfield>
    <subfield code="r">BOOK</subfield>
    <subfield code="s">7751883_</subfield>
  </datafield>
</record>
